UBT Library

Discrete mathematics / (Record no. 39361)

000 -LEADER
fixed length control field 00633pam a2200217 a 4500
001 - CONTROL NUMBER
control field 3433209
005 - DATE AND TIME OF LATEST TRANSACTION
control field 20171222093655.0
008 - FIXED-LENGTH DATA ELEMENTS--GENERAL INFORMATION
fixed length control field 910715s1992 flua 001 0 eng
010 ## - LIBRARY OF CONGRESS CONTROL NUMBER
LC control number 91028006
020 ## - INTERNATIONAL STANDARD BOOK NUMBER
International Standard Book Number 0132181576
040 ## - CATALOGING SOURCE
Original cataloging agency DLC
Transcribing agency DLC
Modifying agency DLC
041 ## - LANGUAGE CODE
Language code of text/sound track or separate title eng
080 ## - UNIVERSAL DECIMAL CLASSIFICATION NUMBER
Universal Decimal Classification number 511 ROS
082 00 - DEWEY DECIMAL CLASSIFICATION NUMBER
Classification number 511 ROS
Edition number 20
100 1# - Rafti
Rafti 38
101 ## - Shkurtesa
Shkurtesa MAT
245 10 - TITLE STATEMENT
Title Discrete mathematics /
Statement of responsibility, etc Kenneth A. Ross, Charles R.B. Wright.
906 ## - LOCAL DATA ELEMENT F, LDF (RLIN)
a 7
b cbc
c orignew
d 1
e ocip
f 19
g y-gencatlg
942 ## - ADDED ENTRY ELEMENTS (KOHA)
Source of classification or shelving scheme
Item type Books

No items available.

UBT Library © 2015-2024. All rights reserved University Education for Business and Technology